Catálogo
 En Linea

Observatorio de políticas sociales. (Registro nro. 36622)

Detalles MARC
000 -CABECERA
campo de control de longitud fija 00579nas a2200205 4500
001 - NÚMERO DE CONTROL
campo de control 000037132
003 - IDENTIFICADOR DEL NÚMERO DE CONTROL
campo de control DLC
005 - FECHA Y HORA DE LA ÚLTIMA TRANSACCIÓN
campo de control 20240906093603.0
008 - DATOS DE LONGITUD FIJA--INFORMACIÓN GENERAL
campo de control de longitud fija 120216c20109999dr ur1p dd 0 0spa d
040 ## - FUENTE DE LA CATALOGACIÓN
Centro catalogador/agencia de origen DO-SdBNP
Lengua de catalogación spa
Centro/agencia transcriptor BNPHU
Normas de descripción rda
043 ## - CÓDIGO DE ÁREA GEOGRÁFICA
Código de área geográfica nwdr
245 00 - MENCIÓN DE TÍTULO
Título Observatorio de políticas sociales.
260 ## - PUBLICACIÓN, DISTRIBUCIÓN, ETC.
Lugar de publicación, distribución, etc. Santo Domingo :
Nombre del editor, distribuidor, etc. Centro Montalvo.
300 ## - DESCRIPCIÓN FÍSICA
Extensión v. :
Otras características físicas il., retrs.
310 ## - PERIODICIDAD ACTUAL
Periodicidad actual sin frecuencia
362 1# - FECHAS DE PUBLICACIÓN Y/O DESIGNACIÓN SECUENCIAL
Fecha de publicación y/o designación secuencial Boletín 13 (abril 2010)
500 ## - NOTA GENERAL
Nota general Boletín 13
500 ## - NOTA GENERAL
Nota general Catalogación basada en el ejemplar Boletín 13 (abril 2010)
942 ## - ELEMENTOS DE PUNTO DE ACCESO ADICIONAL (KOHA)
Fuente del sistema de clasificación o colocación Dewey Decimal Classification
Tipo de ítem Koha Publicación periódica
Existencias
Estado de retiro Estado de pérdida Especificación de materiales (volumen encuadernado u otra parte) Restricciones de uso No para préstamo Código de colección Localización permanente Ubicación/localización actual Ubicación en estantería Fecha de adquisición Fuente de adquisición Enumeración/cronología de publicación seriada Número de inventario Total de préstamos Signatura topográfica completa Código de barras Fecha visto por última vez Precio válido a partir de Tipo de ítem Koha Nota pública
    Préstamo en sala Préstamo en sala   Hemeroteca Patrimonio Dominicano Patrimonio Dominicano Ordenador y recibido 16.04.2012 4 no. 13 (abril 2010) 201204162012041620111106   no. 13 37132-13-1 08.08.2020 08.08.2020 Publicación periódica Edición especial: 25 aniversario

Con tecnología Koha